Fire-retardant properties of functionalised graphene nanoplatelets/modofoed polybutadiene hybrid composite material: A technical note (Record no. 74701)
[ view plain ]
| 000 -LEADER | |
|---|---|
| fixed length control field | 00519nam a22001457a 4500 |
| 100 ## - MAIN ENTRY--AUTHOR NAME | |
| Personal name | Aliyeva, S |
| 245 ## - TITLE STATEMENT | |
| Title | Fire-retardant properties of functionalised graphene nanoplatelets/modofoed polybutadiene hybrid composite material: A technical note |
| 260 ## - PUBLICATION, DISTRIBUTION, ETC. (IMPRINT) | |
| Name of publisher | Journal of Rubber Research, 25(1) |
| Year of publication | 2022 |
| 300 ## - PHYSICAL DESCRIPTION | |
| Number of Pages | 19-26 |
| 310 ## - CURRENT PUBLICATION FREQUENCY | |
| Current publication frequency | 5/y |
| 650 ## - SUBJECT ADDED ENTRY--TOPICAL TERM | |
| Topical Term | Composite material, Graphene nanoplatelets, Fire retardant, Polybutadiene |
| 700 ## - ADDED ENTRY--PERSONAL NAME | |
| Personal name | Alosmanov, R |
| 856 ## - ELECTRONIC LOCATION AND ACCESS | |
| Uniform Resource Identifier | doi.org/10.1007/s42464-022-00148-5 |
| 942 ## - ADDED ENTRY ELEMENTS (KOHA) | |
| Koha item type | Journals |
No items available.